00686cam a22002177a 4500003000500000005001700005008004100022010001000063011001000073035001000083040000900093082002000102100002000122245014900142260004000291300001100331650004100342650004200383700002300425700002000448CHAP20220329140646.0971013s1984 r 00010 d a55520 a56492 a60645 cCHAP a581.634063bS5500aSimon, James E. 0aHerbs an indexed bibliography 1971-1980b: the scientific literature on selected herbs and aromatic and medicinal plants of the temperature zone aHamden, Conn. :bArchon Book,c1984 a770 p.14aBotánica médicaxBibliografía.14aPlantas aromáticasxBibliografía.0 aChadwick, Alena F.0 aCraker, Lyle E.